Southville International School and Colleges
Your cart is empty.
  • Cart
  • Lists
    Public lists Eva Luna New books Lux_list list_1
    Your lists Log in to create your own lists
  • Log in to your account
  • Your cookies
  • Search history
Southville International School and Colleges
  • Advanced search
  • Recent comments
  • Most popular
  • Libraries

Log in to your account

Log in with GOOGLE


If you do not have an external account, but do have a local account, you can still log in:

  1. Home
  2. MARC view: Like water for chocolate :
Normal view MARC view ISBD view

Like water for chocolate : (Record no. 2333)

[ view plain ]
MARC details
000 -LEADER
fixed length control field 00568nam a22001937a 4500
003 - CONTROL NUMBER IDENTIFIER
control field CMc
005 - DATE AND TIME OF LATEST TRANSACTION
control field 20151029094855.0
008 - FIXED-LENGTH DATA ELEMENTS--GENERAL INFORMATION
fixed length control field 130311t xxu||||| |||| 00| 0 eng d
020 ## - INTERNATIONAL STANDARD BOOK NUMBER
International Standard Book Number 9780552995870
050 ## - LIBRARY OF CONGRESS CALL NUMBER
Classification number PQ 7298.15
Item number .Es77 1993
082 ## - DEWEY DECIMAL CLASSIFICATION NUMBER
Classification number IB 863
Item number Es6L 1993
100 ## - MAIN ENTRY--PERSONAL NAME
Personal name Esquivel, Laura
245 ## - TITLE STATEMENT
Title Like water for chocolate :
Remainder of title A Novel in monthly instalments with recipes, romances and home remedies /
Statement of responsibility, etc Laura Esquivel.
260 ## - PUBLICATION, DISTRIBUTION, ETC. (IMPRINT)
Place of publication, distribution, etc Hampton, N.H.
Name of publisher, distributor, etc Curley Large Print
Date of publication, distribution, etc 1993
300 ## - PHYSICAL DESCRIPTION
Dimensions 19.8 cm.
562 ## - COPY AND VERSION IDENTIFICATION NOTE
Number of copies 1
942 ## - ADDED ENTRY ELEMENTS (KOHA)
Source of classification or shelving scheme Library of Congress Classification
Koha item type Books
Holdings
Withdrawn status Lost status Source of classification or shelving scheme Damaged status Home library Current library Shelving location Date acquired Total Checkouts Full call number Barcode Date last seen Copy number Price effective from Koha item type
    Library of Congress Classification   Luxembourg Library Luxembourg Library International Baccalaureate Section 03/11/2013   PQ 7298.15 .Es77 1993 15500 08/13/2013 1 10/03/2013 Books

Like water for chocolate :

APA

Esquivel L., . (1993). Like water for chocolate. Hampton, N.H: Curley Large Print.

Chicago

Esquivel Laura, . 1993. Like water for chocolate. Hampton, N.H: Curley Large Print.

Harvard

Esquivel L., . (1993). Like water for chocolate. Hampton, N.H: Curley Large Print.

MLA

Esquivel Laura, . Like water for chocolate. Hampton, N.H: Curley Large Print. 1993.

  • Place hold
  • Print
  • Cite
  • Add to your cart (remove)
  • Save record
    BIBTEX Dublin Core MARCXML MARC (non-Unicode/MARC-8) MARC (Unicode/UTF-8) MARC (Unicode/UTF-8, Standard) MODS (XML) RIS
  • More searches
    Search for this title in:
    Other Libraries (WorldCat) Other Databases (Google Scholar) Online Stores (Bookfinder.com) Open Library (openlibrary.org)

Exporting to Dublin Core...

SOUTHVILLE LIBRARY

Southville International School and Colleges Library

1281 Tropical Ave. Cor. Luxembourg St., BF Homes International, Las Pinas City

Tel. No. 8256374 / 252358 Loc. 117/146

Powered by Koha